|
|
|
|
| LEADER |
00000nab a2200000 a 4500 |
| 001 |
vtls010204927 |
| 003 |
SK-MaSNL |
| 005 |
20260305035431.0 |
| 008 |
250708|2010 xo |||||||||||||| b|slo |
| 015 |
|
|
|a SNBRB2011/01
|2 snkbucl
|
| 035 |
|
|
|a urn:nbn:sk:snk-ab7tvf
|
| 035 |
|
|
|a (urnnbn)urn:nbn:sk:snk:ar-003wlh
|
| 035 |
|
|
|a (uuid)cd86e657-4a24-493a-ad36-df1b41482e18
|
| 038 |
|
|
|a SNKBUCL
|
| 040 |
|
|
|a SNKBUCL
|b slo
|c SNKBUCL
|e AACR2
|
| 041 |
0 |
|
|a slo
|
| 044 |
|
|
|a xo
|c SK
|
| 080 |
|
|
|a 94(437.6)"1939/1945"
|2 2001
|
| 080 |
|
|
|a 343.819.5
|x (437.6)
|x "1941/945"
|2 2001
|
| 080 |
|
|
|a 343.262
|x (437.6)
|x "1941/945"
|2 2001
|
| 100 |
1 |
|
|a Hallon, Ľudovít,
|d 1958-
|4 aut
|9 103935
|
| 245 |
1 |
0 |
|a Hlavinka, Ján - Nižňanský, Eduard. Pracovný a koncentračný tábor v Seredi 1941-1945
|c Ľudovít Hallon
|
| 648 |
|
7 |
|a 1941-1945
|2 snkbucl
|9 343097
|
| 650 |
0 |
7 |
|a koncentračné tábory
|2 snkbucl
|9 2654
|
| 650 |
0 |
7 |
|a pracovné tábory
|2 snkbucl
|9 2655
|
| 650 |
0 |
7 |
|a nútené práce
|2 snkbucl
|9 2680
|
| 650 |
0 |
7 |
|a Židia
|2 snkbuck
|9 3760
|
| 650 |
0 |
7 |
|a druhá svetová vojna (1939-1945)
|2 snkbucl
|9 169657
|
| 650 |
0 |
7 |
|a monografie
|2 snkbucl
|9 256509
|
| 651 |
|
7 |
|a Sereď (Slovensko)
|2 snkbucl
|9 59452
|
| 651 |
|
7 |
|a Slovensko
|x dejiny
|2 snkbucl
|9 13278
|
| 655 |
|
7 |
|a recenzie
|2 snkbucl
|9 21907
|
| 773 |
0 |
|
|t Historický časopis
|g Roč. 58, č. 3 (2010), s. 592-593
|x 0018-2575
|
| 787 |
0 |
8 |
|i Rec.:
|a Hlavinka, Ján, 1979-
|t Pracovný a koncentračný tábor v Seredi 1941-1945
|d Bratislava : Dokumentačné stredisko holokaustu, 2009
|z 9788096985739
|
| 787 |
0 |
8 |
|i Rec.:
|a Nižňanský, Eduard
|t Pracovný a koncentračný tábor v Seredi 1941-1945
|d Bratislava : Dokumentačné stredisko holokaustu, 2009
|z 9788096985739
|
| 850 |
|
|
|a Slovenská národná knižnica
|
| 852 |
|
|
|a Slovenská národná knižnica
|
| 954 |
|
|
|a odborná, vedecká literatúra pôvodná (slovenská)
|2 lita
|
| 958 |
|
|
|a article9
|
| 958 |
|
|
|a OND
|
| 958 |
|
|
|a RC
|
| 958 |
|
|
|a ZD
|
| 958 |
|
|
|a EUIPO
|
| 999 |
|
|
|c 3333813
|d 3335743
|